| 000 | 01183nam a2200253 i 4500 | ||
|---|---|---|---|
| 001 | 182660 | ||
| 003 | ES-MaACL | ||
| 005 | 20250822050254.0 | ||
| 008 | 131008s2007 sp | |||| ||spa d | ||
| 020 | _a978-84-611-5582-8 Asociación de Periodistas Europeos | ||
| 020 | _a978-84-451-2980-7 Consejería de Cultura y Deportes de la Comunidad de Madrid | ||
| 080 | _a796.332(460) | ||
| 100 | 0 |
_aCerecedo, Francisco. _937483 |
|
| 245 | 1 | 3 |
_aEl gol geopolítico _b: crónicas deportivas en el diario "Madrid" / _cFrancisco Cerecedo ; [selección de textos, Juby Bustamante]. |
| 260 |
_aMadrid : _bAsociación de Periodistas Europeos : _bConsejería de Cultura y Deportes de la Comunidad de Madrid, _c[2007] |
||
| 300 |
_a499 p. : _bil. ; _c21 cm. |
||
| 500 | _aSelección de crónicas del autor publicadas en el di ario "Madrid" entre 1967 y 1971. | ||
| 650 | 0 | 7 |
_aFútbol _2embne _913019 |
| 700 | 1 |
_aBustamante, Juby. _9153596 |
|
| 852 |
_aES-MaACL _jA-12806 _9189577 _bR.149012 _cDEPO1 _dOlim: N-5806 _xDonación: José Luis Abellán |
||
| 903 |
_aAbellán, José Luis, _d1933-2023- _vHomenajes _ednr _q1 _9172356 |
||
| 942 |
_2udc _cMONOGRAFIA |
||
| 999 |
_c182660 _d182660 |
||